[Event "Corus"]
[Site "Wijk aan Zee"]
[Date "2007.01.13"]
[Round "1"]
[White "Shirov, Alexei"]
[Black "Svidler, Peter"]
[Result "1/2-1/2"]
[WhiteElo "2715"]
[BlackElo "2728"]
[Annotator "Krasenkow,M"]
[PlyCount "52"]
[EventDate "2007.01.13"]
[EventType "tourn"]
[EventRounds "13"]
[EventCountry "NED"]
[EventCategory "19"]
[SourceTitle "CBM 117"]
[Source "ChessBase"]
[SourceDate "2007.03.30"]
[SourceVersion "1"]
[SourceVersionDate "2007.03.30"]
[SourceQuality "1"]

1. d4 Nf6 2. c4 g6 3. Nc3 d5 4. cxd5 Nxd5 5. e4 Nxc3 6. bxc3 Bg7 7. Bc4 c5 8.
Ne2 Nc6 9. Be3 O-O 10. O-O Bd7 11. Rb1 Qc7 12. Bd3 {This quiet move has become
a popular reaction to 11...Qc7.} Rad8 {This relatively new move is quite
logical. Now in case of 13.Bf4 Qc8 the black rooks will not be disconnected.} (
12... Rfd8 {and}) (12... a6 {is played more frequently - see opening review in
CBM 115}) 13. Bf4 $146 {Still! The other moves played in this position:} (13.
Qc1 Be6 (13... Bc8 $5 14. Rd1 e5 15. d5 Na5 16. c4 b6 17. Nc3 f5 18. exf5 gxf5
19. Bg5 e4 20. Bxd8 (20. Nb5 $5) 20... Qxd8 21. Bf1 Qf6 $44 {0-1 Tarnopolsky,
A-Mikhalevski,V/Ashdod 2006/CBM 114 ext (67)}) 14. Bf4 Qc8 (14... Be5 $5 15.
Bxe5 Nxe5 16. Qf4 Qd6 17. Bb5 a6 18. Ba4 b5 19. dxe5 Qd3 20. Bxb5 axb5 21. Rb2
Rd7 $44 {1-0 Graf,A-Bobras,P/Dresden 2006/CBM 113 ext (38)}) 15. d5 Ne5 16. Bc2
Bd7 17. Bh6 Bxh6 18. Qxh6 b6 19. Ng3 Qa6 20. h3 Qa5 21. f4 Qxc3 22. Rb3 Qd4+
23. Kh2 {1/2-1/2 Antic,D-Mikhalevski,V/Las Vegas 2006/CBM 112 ext (74) , and
now} Qd2 {would have put White's position under cloud} ({instead of} 23... c4))
(13. d5 $5 {needs more test at a higher level. In the following game White got
some plus after the opening:} Ne5 14. c4 Ng4 15. Bf4 Be5 16. Bxe5 Qxe5 17. Ng3
b6 18. Be2 h5 19. f4 Qg7 20. Bxg4 Bxg4 21. Qd2 h4 22. Ne2 h3 23. gxh3 Bxh3 24.
Rf3 Bg4 25. Rg3 $14 {0-1 Van Hecke,E-Livshits,G/Vlissingen 2005/CBM 107 ext 
(43)}) 13... Qc8 14. d5 Ne5 15. Bxe5 Bxe5 16. f4 Bg7 17. c4 {A typical
exchange (in order to gain time to build up a pawn centre)...} e6 {...a
typical undermining...} 18. f5 $6 {...a typical attack... But it just opens up
the position for the black bishops!} (18. Qc2 $142) 18... exf5 19. exf5 b5 $1 {
...a typical counterattack on the other flank...} ({although a simple} 19...
Qc7 {was possible, too}) 20. f6 Bh6 21. Nc3 (21. cxb5 {lead to activation of
the black pieces:} c4 22. Be4 Qc5+ 23. Kh1 Rfe8 24. Nc3 Be3 $15 {[%cal Ye3d4]})
21... bxc4 22. Bxc4 Bf5 23. Bd3 Bg4 24. Be2 $6 (24. Qb3 $142 {although Black
maintains the better prospects after} Rfe8 $36) 24... Bf5 $6 {Black
unnecessarily agrees to repeat moves. He could have simply won a pawn:} (24...
Be3+ 25. Kh1 Bxe2 26. Qxe2 (26. Nxe2 Rfe8 $17) 26... Bd4 27. Nb5 Rxd5 28. Qd2
Kh8 {etc.}) 25. Bd3 Bg4 26. Be2 Bf5 1/2-1/2

[Event "Foros Aerosvit"]
[Site "Foros"]
[Date "2006.06.27"]
[Round "10"]
[White "Shirov, Alexei"]
[Black "Areshchenko, Alexander"]
[Result "1/2-1/2"]
[WhiteElo "2699"]
[BlackElo "2660"]
[Annotator "Krasenkow,M"]
[PlyCount "177"]
[EventDate "2006.06.17"]
[EventType "tourn"]
[EventRounds "11"]
[EventCountry "UKR"]
[EventCategory "18"]
[SourceTitle "CBM 113"]
[Source "ChessBase"]
[SourceDate "2006.07.31"]
[SourceVersion "1"]
[SourceVersionDate "2006.07.31"]
[SourceQuality "1"]

1. d4 Nf6 2. c4 g6 3. Nc3 d5 4. cxd5 Nxd5 5. e4 Nxc3 6. bxc3 Bg7 7. Bc4 c5 8.
Ne2 Nc6 9. Be3 O-O 10. O-O Bd7 11. Rb1 Qc7 12. Bf4 Qc8 13. d5 Na5 14. Bd3 e5
15. Bd2 $146 {About this line - see CBM 104, annotations to Sakaev-Avrukh. GM
A.Shirov choses a new plan keeping the g3 square for his knight.} (15. Bg3 c4
16. Bc2 b6 17. Qd2 Nb7 18. f4 f6 19. Kh1 Nd6 20. Ng1 Qd8 21. fxe5 fxe5 22. Nf3
$11 {...1/2-1/2 Sakaev,K-Avrukh,B/Izmir 2004/CBM 104/[Krasenkow]}) 15... c4 16.
Bc2 b6 17. f4 f6 18. Ng3 Qc5+ (18... Nb7 {is another option. White would
certainly continue} 19. f5 $5 {followed by h2-h4}) 19. Kh1 exf4 20. Bxf4 Nb7
21. a4 Rae8 22. Qd2 Rf7 (22... Nd6 $5 23. h4 Bg4 {covering the b5 and f5
squares}) 23. h4 Bg4 24. h5 gxh5 25. Rb5 Qc8 26. Nf5 Bxf5 $6 {A serious
positional concession as that bishop was an important defender of the kingside.
} (26... Bf8 $142 27. d6 Nc5) 27. exf5 Bf8 28. Rbb1 $1 {[%csl Ge6][%cal Yb1e1,
Ye1e6]} Bd6 29. Rbe1 Rxe1 30. Rxe1 Bxf4 (30... Qd8 $5) 31. Qxf4 Qc5 (31... Qf8
$6 $16) 32. Qf3 $6 {This modest move enables Black to hold his ground.} (32.
Re8+ Rf8 33. Qg3+ {didn't work due to} Kh8 $1 (33... Kf7 $2 34. Re6 {[%cal
Re6c6]} Rg8 (34... Qxd5 $2 35. Be4 Qd7 36. Bf3 $18) 35. Qe1 $18) 34. Qb8 Rxe8
35. Qxe8+ Kg7 36. Qd7+ Kh6 37. Qxb7 Qe3 $11 {- the perpetual check is
inevitable}) (32. Bd1 $1 {, entering the passive piece into play, was the
right solution. The d5 pawn was not important at all!} Qd6 (32... Qxd5 33. Re8+
Kg7 34. Bxh5 $18) (32... Re7 33. Re6 Rxe6 34. fxe6 Qxd5 35. Qb8+ Kg7 36. Bc2 $1
{[%csl Rh7]}) 33. Qxc4 Qg3 34. Re6 $14 {although the position remains very
tense.}) 32... Re7 33. Re6 Nd8 $1 34. Qg3+ Kf7 35. Be4 Nxe6 36. fxe6+ {White's
pawn pair look dangerous but he hasn't got enough material to break through.}
Kf8 37. Qf4 Kg7 38. Qf5 Kg8 39. Qxf6 Qd6 40. Bf3 Rg7 41. Qh4 Kf8 (41... h6 $5
42. Qe4 h4 43. Qxh4 Qe5) 42. Qf6+ Kg8 43. Qh4 Kf8 44. Qxc4 Qg3 ({The
centralizing} 44... Qe5 $1 {was correct. After the text move White gets some
chances.}) 45. Qb4+ Kg8 46. Qe4 Kf8 47. Bxh5 a5 48. Bf3 Ke7 49. Kg1 Rg6 (49...
Kf6 $5 50. Kf1 Qe5 51. Qh4+ Qg5 52. Qd4+ Qe5 53. Qxb6 Qxc3) 50. Qe3 Rf6 $6 (
50... Qg5 $1) 51. c4 Rf5 $6 {A very unfortunate rook move.} (51... Qf4 $142)
52. c5 $4 {[%mdl 8192] A terrible blunder. Meanwhile, Black's inaccurate
manoeuvring has yielded White an excellent winning opportunity:} (52. Qa3+ Qd6
$8 53. Qd3 {[%csl Rf5]} Kf6 (53... Qe5 $2 54. d6+) 54. Bg4 Rf4 55. Qh3 $16 {
as after} Kg7 56. Qe3 (56. Bf5 Rxc4 57. Qxh7+ Kf6 58. Qg6+ Ke5 {is less clear})
(56. Qc3+ $5) 56... Rxg4 (56... Rf8 57. Bh5 $1 Qe7 58. d6 Qxd6 59. e7 $18) 57.
e7 Rg3 58. Qf2 Qxe7 59. Qxg3+ {and this queen endgame should be winning for
White}) 52... Rxd5 {White is now just an exchange down and lost in a long run.}
53. Qe4 Rxc5 54. Qxh7+ Kxe6 55. Qh6+ Ke7 56. Qh7+ Kf8 57. Qh8+ Kf7 58. Qh7+ Qg7
59. Qe4 Qa1+ 60. Kf2 Qb2+ 61. Kg1 Qc1+ 62. Kh2 Qh6+ 63. Kg1 Rc1+ 64. Kf2 Qd2+
65. Be2 Qe1+ 66. Ke3 Qg3+ $6 {This is quite sufficient but} (66... Rc3+ {
was simpler:} 67. Kd4 (67. Kf4 Qg3+) 67... Qd2+ 68. Bd3 Rc4+ $3 69. Kxc4 Qb4+
70. Kd5 Qc5#) 67. Qf3+ Qxf3+ 68. gxf3 {[%mdl 4096]} Kf6 69. f4 Rb1 70. Bd3 Rb4
71. Bb5 Rxb5 $4 {Hm... Black (a 2660 rated Grandmaster participating in a
supertournament) doesn't know an elementary theoretical position, which is
drawn! What he needed was just to bring his king forward to d5-d4, force f4-f5,
and win that pawn:} (71... Ke7 72. Bc6 Kd6 73. Be8 Rb1 74. Bb5 (74. Kd4 Rf1) (
74. Kf3 b5 $1 {and the a5 pawn queens}) 74... Kd5 75. Bd7 Rb3+ 76. Ke2 Ke4 77.
f5 Re3+ 78. Kf2 Rd3 79. Bb5 Rd6 {and the f5 pawn falls.}) 72. axb5 Kf5 73. Kd3
Kxf4 74. Kd4 {What White needs now is just to keep opposition on ranks 1 to 5
and files d and e (d6-d4,e6-e4). Then the black king can't break through
without ...a5-a4, which leads to a draw.} Kg5 75. Ke5 Kh6 76. Kd4 $1 Kh7 77.
Kd5 Kh8 78. Kd4 Kg8 79. Ke4 Kf8 80. Kd4 Kf7 81. Kd5 Kg7 82. Ke5 Kh6 83. Kd4 Kh7
84. Kd5 {Such "super-accuracy" is not needed while the black king is
manoeuvring on two back ranks. It is enough for White to keep his king on d3
and e3 in order to meet ...Kd6(f6,h6) with Kd4 and ...Ke6(g6) with Ke4.} Kg8
85. Ke4 Kf8 86. Kd4 Kf7 87. Kd5 Kf6 88. Kd4 Kg5 89. Ke5 1/2-1/2

[Event "Sofia MTel Masters 5th"]
[Site "Sofia"]
[Date "2009.05.15"]
[Round "3"]
[White "Wang, Yue"]
[Black "Shirov, Alexei"]
[Result "1/2-1/2"]
[WhiteElo "2738"]
[BlackElo "2745"]
[Annotator "Krasenkow,M"]
[PlyCount "78"]
[EventDate "2009.05.13"]
[EventType "tourn"]
[EventRounds "10"]
[EventCountry "BUL"]
[EventCategory "21"]
[SourceTitle "CBM 131"]
[Source "ChessBase"]
[SourceDate "2009.07.15"]
[SourceVersion "1"]
[SourceVersionDate "2009.07.15"]
[SourceQuality "1"]

1. d4 Nf6 2. c4 g6 3. Nc3 d5 4. cxd5 Nxd5 5. e4 Nxc3 6. bxc3 Bg7 7. Bc4 c5 8.
Ne2 Nc6 9. Be3 O-O 10. O-O Na5 11. Bd3 b6 12. Rb1 {A rare, quite harmless move,
however, played by GMs like Korchnoi and Beliavsky.} cxd4 (12... e5 $6 13. dxc5
Be6 14. cxb6 axb6 15. Bxb6 Qd7 16. Bb5 Qxd1 17. Rfxd1 Bxa2 18. Rb4 Rfb8 19. Bc7
Rb7 20. Bc6 Rxb4 21. Bxa8 Rb5 22. f4 $1 $18 {1-0 Mecking,H-Mekhitarian,K/
Internet ICC 2008/CBM 127 Extra (30)}) 13. cxd4 Bb7 (13... e6 {is a usual (and
quite good) alternative:} 14. Qd2 (14. Qa4 Bb7 15. Rfd1 Qe7 16. a3 Rfc8 17. Bd2
Bc6 18. Qb4 Qd8 19. Rdc1 Bb7 20. Qb2 Nc6 21. Bc3 Ne5 22. Bc2 Nc4 $132 {0-1
Southam,D-Stone,R/Ontario 1992/EXT 1998 (39)}) 14... Bb7 15. h4 (15. Rfc1 Rc8 (
15... Qe7 16. Bg5 f6 17. Be3 Rfc8 18. h4 Qd7 19. h5 Rxc1+ 20. Rxc1 Rc8 21. hxg6
hxg6 22. Nf4 $36 {1-0 Bromberger,S-Wittmann,W/Budapest 2007/CBM 120 ext (33)})
16. f3 Qe7 17. Bg5 Qa3 $132 {1/2-1/2 Juergens,V-Chilingirova,P/Sofia 1989/EXT
2009 (41)}) (15. Bh6 Rc8 (15... Bxh6 16. Qxh6 Rc8 17. Rfd1 Nc6 18. e5 Qe7 19.
Be4 Rfd8 20. Ng3 f5 21. exf6 Qxf6 22. h4 Rf8 23. Rd2 Ba6 24. h5 $14 {1/2-1/2
Beliavsky,A-Topalov,V/Dresden 2008/CBM 128 (43)}) (15... Qd6 $5 16. Bxg7 (16.
h4 Bxh6 17. Qxh6 Nc6) 16... Kxg7 17. Rb5 $6 (17. Rfc1 Rac8 $11) 17... f5 18. e5
Qe7 19. Rfb1 Rfd8 20. Qe3 Rac8 21. Nf4 Nc4 22. Bxc4 Rxc4 $15 {1/2-1/2 Ceko,
J-Hunt,A/Hilversum 2008/CBM 123 Extra (73)}) 16. Bxg7 Kxg7 17. Rfd1 (17. f4 f5
18. d5 fxe4 19. Bxe4 Bxd5 20. Nd4 {1-0 Amerllahi,D-Jacobi,K/Munster 1996/EXT
2005 (59)} Bxa2 $1 $17) 17... Qe7 18. Qf4 Rfd8 19. e5 Bd5 20. Ra1 Nc4 $15 {
1/2-1/2 Conquest,S-Smejkal,J/Prague 1989/EXT 1997 (51)}) 15... Rc8 (15... e5
16. Bg5 f6 17. Bh6 exd4 18. Bxg7 Kxg7 19. h5 Qd6 20. Nf4 g5 21. Ne2 h6 22. f4
Rae8 23. Ng3 Bc8 24. e5 fxe5 25. Ne4 Qe7 26. fxg5 $40 {1-0 Gozzoli,Y-Jeitz,C/
Vandoeuvre 2008/CBM 127 Extra (32)}) 16. Rfc1 Qd7 17. Bh6 Rxc1+ 18. Rxc1 Bxh6
19. Qxh6 Rc8 20. Rxc8+ Qxc8 21. h5 Ba6 22. Bxa6 Qxa6 23. Qd2 Nc4 24. Qc2 Na3
25. Qd1 Qb5 {1/2-1/2 Vettel,M-Pfrommer,C/Germany 1989/GER-chT2}) 14. h4 $146 (
14. Qa4 Rc8 15. Rfd1 e6 16. e5 (16. Bd2 Nc6 17. Bc3 Qh4 18. Be1 Rfd8 19. f3 Qe7
20. Bb5 a6 21. Bxa6 Bxa6 22. Qxa6 Nxd4 $15 {0-1 Kortschnoj,V-Kasparov,G/
Reykjavik 1988/CBM 010 (43)}) 16... Bc6 (16... Qh4 $142 $5 $13) 17. Qb4 Re8 18.
Ng3 Bd5 19. Ne4 Bf8 20. Qe1 Be7 21. Qe2 Bc4 22. h4 $36 {1-0 Guseinov,
A-Vakhidov,T/Uzhgorod 1988/TD (38)}) (14. d5 e6 15. Bd2 exd5 16. Bxa5 dxe4 17.
Bc2 Qc7 $6 (17... Qg5 $1 $44) 18. Bb4 Rfd8 19. Qc1 a5 20. Bd2 Rac8 21. Bg5 Rd5
22. Bxe4 Rc5 23. Qxc5 Qxc5 24. Bxb7 $16 {1-0 Corrales Jimenez,F-Koban,B/
Harkany 2008/CBM 127 Extra (39)}) (14. Qd2 Rc8 15. Rfc1 Qd7 16. Bb5 Rxc1+ 17.
Nxc1 Qd6 18. f3 Bc6 19. Bxc6 Nc4 20. Qb4 Qxc6 21. Bf2 e6 $15 {0-1 Rodrigues,
C-Kovchan,A/St Lorenzo 1995/Juniors (39)}) 14... Rc8 15. h5 Nc4 16. Bxc4 Rxc4 {
Black's queenside initiative looks more dangerous than White's kingside action.
} 17. Qd3 Ra4 18. h6 Bh8 19. Qb3 Qd7 20. Nc3 Ra5 21. d5 Rc8 (21... Ba6 $5 22.
Rfd1 Rc8 23. Bd4 Bxd4 24. Rxd4 Qd6 $36) 22. Nb5 Rxb5 $5 (22... Ba6 23. a4 {
is now not so favorable for Black so he decides to liquidate into an equal
endgame.}) 23. Qxb5 Qxb5 24. Rxb5 Ba6 25. Rb4 Bxf1 26. Kxf1 Bc3 27. Ra4 Ba5 28.
Ke2 f6 29. Kd3 Kf7 30. Rc4 Rxc4 31. Kxc4 a6 32. g4 Ke8 33. g5 fxg5 34. Bxg5 Kd7
35. a4 e6 36. Be3 Kd6 37. Bf4+ Kd7 38. Be3 Kd6 39. Bf4+ Kd7 1/2-1/2

[Event "Morelia/Linares 23rd"]
[Site "Morelia/Linares"]
[Date "2006.03.03"]
[Round "8"]
[White "Topalov, Veselin"]
[Black "Svidler, Peter"]
[Result "1-0"]
[WhiteElo "2801"]
[BlackElo "2765"]
[Annotator "Krasenkow,M"]
[PlyCount "87"]
[EventDate "2006.02.18"]
[EventType "tourn"]
[EventRounds "14"]
[EventCountry "ESP"]
[EventCategory "20"]
[SourceTitle "CBM 112"]
[Source "ChessBase"]
[SourceDate "2006.06.07"]
[SourceVersion "1"]
[SourceVersionDate "2006.06.07"]
[SourceQuality "1"]

1. d4 Nf6 2. c4 g6 3. Nc3 d5 4. cxd5 Nxd5 5. e4 Nxc3 6. bxc3 Bg7 7. Bc4 c5 8.
Ne2 Nc6 9. Be3 O-O 10. O-O Na5 11. Bd3 b6 12. Rc1 e5 $6 {A dubious idea. Black
doesn't obtain a sufficient compensation for the pawn.} 13. dxc5 (13. d5 {
is harmless, of course:} c4 14. Bc2 Bd7 15. Rb1 Nb7 16. Ba4 Bxa4 17. Qxa4 Nd6
18. f3 f5 19. Qc2 fxe4 20. fxe4 Qh4 21. Ng3 Bh6 22. Qd2 Bxe3+ 23. Qxe3 Rf4 24.
Rfe1 Raf8 $17 {0-1 Seifert,V-Zezulkin,J/Bayern 1999/EXT 2001 (37)}) 13... Be6 (
13... Qc7 14. cxb6 axb6 15. c4 Nb7 16. Nc3 $16) 14. c4 $1 {[%mdl 32] With two
ideas: 1) cxb6 axb6 c5!; 2) Ne2-c3-d5.} bxc5 15. Bxc5 Re8 16. Be3 Re7 17. Qc2
Rd7 18. Rfd1 Nc6 (18... Rb8 19. c5) 19. a3 {[%cal Cd8a5,Ca5a3,Ye2c3,Yc3d5]
White has consolidated his position keeping a healthy extra pawn...} Qa5 20.
Nc3 $1 Qxa3 21. Nd5 {...and the extra pawn has immediately gone! Not in vain -
the knight is already on d5! A typical example of transformation of an
advantage.} Rc8 22. Ra1 Qf8 23. Ra6 Nb4 (23... Bxd5 $6 24. exd5 Nb4 25. Qa4 $1
$16) 24. Nxb4 Qxb4 25. Rb1 Qf8 26. c5 Bh6 {Getting rid of the "bad" bishop but
the strong passed pawn guarantees White a big advantage anyway.} 27. Bxh6 Qxh6
28. c6 Rdc7 (28... Qf8 $5 {is probably more stubborn} 29. Rb5 $140 Qd8 $1) 29.
Rb5 {White plans to provoke the weakening ...f7-f6 then trade the bishops, put
his rook on d5 and eventually (after, say, Qa4 or Qd3) invade to d7. Of course,
in the meantime he must secure his king (and Black must try some kingside
counterplay).} Rd8 $6 {GM Petr Svidler doesn't want to wait passively but this
move simplifies White's task.} 30. Rb7 $1 Rxd3 {That was the idea but White
converts his extra exchange pretty easily.} 31. Qxd3 Qc1+ 32. Qf1 Rxc6 33. Ra1
Qf4 34. Qe1 Rc4 35. Rb4 Rc2 36. Rbb1 Bg4 37. h3 Be2 38. Ra3 a6 39. Re3 Bb5 40.
Rc1 Ra2 {Of course, after the rook exchange Black's position is hopeless but
now the white rooks start a killing counterattack.} 41. Rc8+ Kg7 42. Rc7 Be8
43. Rf3 Qg5 (43... Qd2 44. Qxd2 Rxd2 45. Re7 $18) 44. Qc3 {[%csl Rf7][%cal
Rc3c4] This has been my last game annotated for the Gruenfeld section of the
ChessBase Magazine. I would like to thank all our readers for 7 years we spent
together. From the next issue CBM changes its format. I hope for our new
meetings within a new formula!} 1-0

[Event "Nanjing Pearl Spring 1st"]
[Site "Nanjing"]
[Date "2008.12.15"]
[Round "5"]
[White "Topalov, Veselin"]
[Black "Svidler, Peter"]
[Result "1-0"]
[WhiteElo "2791"]
[BlackElo "2727"]
[Annotator "Krasenkow,M"]
[PlyCount "57"]
[EventDate "2008.12.11"]
[EventType "tourn"]
[EventRounds "10"]
[EventCountry "CHN"]
[EventCategory "21"]
[SourceTitle "CBM 128"]
[Source "ChessBase"]
[SourceDate "2009.01.28"]
[SourceVersion "1"]
[SourceVersionDate "2009.01.28"]
[SourceQuality "1"]

1. d4 Nf6 2. c4 g6 3. Nc3 d5 4. cxd5 Nxd5 5. e4 Nxc3 6. bxc3 Bg7 7. Bc4 c5 8.
Ne2 Nc6 9. Be3 O-O 10. O-O Bd7 11. Rb1 Qc7 12. Bd3 (12. Bf4 Qc8 $1) 12... Rfd8
{This line was examined in CBM 108, annotations to Berkes-Sutovsky.} 13. h3 {
A quiet, solid but, of course, harmless move. The other options seen in recent
practice:} (13. Qc1 $5 Rac8 14. Rd1 a6 $6 (14... cxd4 15. cxd4 Qa5 $5) 15. Qa3
Qa5 16. Qxc5 Qxc5 17. dxc5 Be6 18. Rxb7 Bxa2 19. h3 Bc4 20. Nd4 $1 Bxd3 21.
Nxc6 Rxc6 22. Rxd3 $1 $16 {1-0 Berkes,F-Sutovsky,E/Paks 2005/CBM 108/
[Krasenkow] (48)}) (13. Qd2 Be8 14. d5 (14. Rfc1 e6 15. Bh6 Bh8 16. Qg5 Qd6 17.
Rxb7 cxd4 18. cxd4 Nxd4 19. Nxd4 Qxd4 20. Qe7 Bg7 21. Bxg7 Kxg7 22. Bf1 Qxe4
23. Rxa7 Qf4 $15 {0-1 Sundararajan,K-Sasikiran,K/Kolkata 2008/CBM 123 Extra 
(62)}) 14... Ne5 15. c4 a6 16. Rfc1 e6 17. Bf4 Qe7 18. Nc3 Nxd3 19. Qxd3 b5 20.
cxb5 axb5 21. Nxb5 Bxb5 22. Qxb5 exd5 23. exd5 Rxd5 24. Re1 Qd7 25. Be3 {
1/2-1/2 Moranda,W-Tomczak,J/Sroda 2008/CBM 122 Extra}) (13. Bf4 e5 14. Bg3 cxd4
15. cxd4 Rac8 16. d5 Na5 17. f3 Nc4 18. Bf2 Bh6 19. Bxc4 Qxc4 20. Rxb7 Ba4 21.
Qe1 Bb5 22. Ng3 Qa4 23. Qd1 Qa6 $13 {0-1 Vitiugov,N-Timofeev,A/Dagomys 2008/
CBM 124 (37)}) (13. f4 e6 14. f5 exf5 15. exf5 cxd4 16. cxd4 Re8 17. Qd2 Ne7
18. Bf4 Qc6 19. fxg6 hxg6 20. Rfc1 Qd5 21. Bc4 Qe4 22. Bd3 Qd5 23. Bc4 Qe4 24.
Bd3 Qd5 25. Bc4 Qe4 26. Bd3 {1/2-1/2 Grandelius,N-Hermansson,E/Reykjavik 2008/
CBM 123 Extra}) 13... Be8 14. d5 Ne5 15. c4 e6 (15... a6 $5 {[%cal Yb7b5]}) 16.
Nf4 Rab8 17. Be2 Rd6 $5 {Quite a rare route to activate this rook, which White
tries to refute in an original way.} 18. Qc2 Ra6 19. Rb5 $5 {[%mdl 512]
White's risk is that Black needn't take this rook at once as it has no real
way back anyway!} Bf8 (19... Bxb5 $143 20. cxb5 Rd6 21. Qxc5 Qxc5 22. Bxc5 Rd7
23. dxe6 (23. Bxa7 Ra8 24. b6 g5 25. dxe6 Rd2 $13) 23... fxe6 24. Nxe6 Re8 (
24... Rd2 25. Bd1) 25. Nxg7 Kxg7 26. Be3 $14) 20. a4 Bxb5 $6 {Here, too, it
was better to wait for a more appropriate moment for this capture:} (20... Rc8
$5 {[%cal Re8b5]} 21. Rc1 Bd7 $13) 21. cxb5 Rd6 22. Qc3 $1 {It is important to
lure the black bishop back to g7.} (22. Qxc5 $143 Qxc5 23. Bxc5 Rdd8 24. Bxa7 (
24. Bxf8 $6 Kxf8 25. dxe6 Rd4) 24... Ra8 25. Bd4 Bg7 $13) 22... Bg7 23. Qxc5
Rc8 (23... Qxc5 $142 24. Bxc5 Rd7 25. dxe6 fxe6 26. Nxe6 $14 {led to a
position similar to the one indicated in annotations to move 19.}) 24. Qxa7 b6
(24... g5 25. Nh5 $16) 25. Qxc7 Rxc7 26. Rd1 {[%csl Rb6][%cal Rd5e6] Black has
now got an additional weakness on b6.} Bf6 $2 {This strange move leads to
severe material losses.} (26... g5 $142 27. Nh5 (27. Nd3 Rc2 $1 28. Kf1 Ra2)
27... h6 $14) 27. dxe6 Rxd1+ 28. Bxd1 fxe6 29. Bb3 $1 (29. Nxe6 $143 Rc3) ({
After} 29. Bb3 Rc3 (29... Rb7 30. Nxe6 Kh8 31. f4 Nd7 32. Bd5 Ra7 33. e5) 30.
Bxe6+ Kg7 31. Nd5 Ra3 32. Nxb6 Bd8 33. Nd5 Rxa4 34. f3 {White's material
advantage is decisive so Black chose to resign at once.}) 1-0